| 000 | 00495cam a2200193 4500 | ||
|---|---|---|---|
| 001 | B2868 | ||
| 008 | 090401t1990 xxu||||| |||| 00| 0 eng d | ||
| 035 | _a(Sirsi) u52603 | ||
| 041 | _aeng | ||
| 050 | _a711.552 | ||
| 110 |
_aDebenham Tewson and Chinnocks _93135 |
||
| 245 | _aFood superstores : the challenge of the 90`s | ||
| 260 |
_aLondon _bDebenham Tewson and Chinnocks _c1990 |
||
| 300 | _a20p. ; 30cm. | ||
| 350 | _a15 | ||
| 650 | _aFOOD STORES | ||
| 942 | _n0 | ||
| 948 | _c04/03/1997 | ||
| 999 |
_c93115 _d93115 |
||